[Event "Viktor Kupreichik Memorial Rapid"]
[Site "Minsk"]
[Date "2019.08.15"]
[Round "3.16"]
[White "Rataika, Mikalai"]
[Black "Zhukova, Natalia"]
[Result "0-1"]
[WhiteElo "1920"]
[BlackElo "2320"]
[PlyCount "64"]
[EventDate "2019.08.15"]
[EventType "swiss"]
[EventRounds "10"]
[EventCountry "BLR"]
[WhiteTeam "Áåëîðóññèÿ"]
[BlackTeam "Óêðàèíà"]
[WhiteTeamCountry "BLR"]
[BlackTeamCountry "UKR"]

1. d4 Nf6 2. Bg5 d5 3. Bxf6 gxf6 4. c4 dxc4 5. Nc3 e5 6. d5 Nd7 7. Qa4 a6 8.
Qxc4 b5 9. Qh4 b4 10. Nd1 f5 11. Qxd8+ Kxd8 12. Nf3 Bg7 13. Ne3 Nb6 14. Ng5 Ke7
15. O-O-O Bh6 16. Nf3 Nc4 17. Kb1 Bxe3 18. fxe3 Nxe3 19. Rd3 f4 20. Rxe3 fxe3
21. Nxe5 Bf5+ 22. Kc1 Kf6 23. Nc4 Rhe8 24. h3 Rad8 25. g4 Be4 26. Rg1 Bxd5 27.
Na5 Bxa2 28. Bg2 Re5 29. Rf1+ Kg7 30. Nb7 Rd2 31. Bf3 b3 32. Rd1 Rc2# 0-1

[Event "Viktor Kupreichik Memorial Rapid"]
[Site "Minsk"]
[Date "2019.08.15"]
[Round "3.19"]
[White "Maryasin, Boris"]
[Black "Sadovnikov, Konstantin"]
[Result "1-0"]
[WhiteElo "2250"]
[BlackElo "1801"]
[PlyCount "89"]
[EventDate "2019.08.15"]
[EventType "swiss"]
[EventRounds "10"]
[EventCountry "BLR"]
[WhiteTeam "Èçðàèëü"]
[BlackTeam "Ðîññèÿ"]
[WhiteTeamCountry "ISR"]
[BlackTeamCountry "RUS"]

1. e4 c5 2. Nf3 Nc6 3. Bb5 e5 4. O-O Nge7 5. b4 a6 6. Bxc6 Nxc6 7. Bb2 Qc7 8.
bxc5 Bxc5 9. Nc3 d6 10. Nd5 Qd8 11. d4 Nxd4 12. Nxd4 Bxd4 13. Bxd4 exd4 14.
Qxd4 O-O 15. Rad1 Be6 16. Nb6 Rb8 17. a4 Qc7 18. c4 Rfd8 19. f4 f6 20. Rd2 Bf7
21. a5 h6 22. Re1 Qe7 23. h3 Kh7 24. Re3 Qc7 25. Red3 Qe7 26. f5 Re8 27. Re3
Rbd8 28. Rb2 Rb8 29. Kf2 Qc7 30. g4 Re5 31. Rd2 Rd8 32. Ra3 Qc6 33. Kf3 Rde8
34. Re3 Rd8 35. h4 Rde8 36. Kf4 Rd8 37. g5 fxg5+ 38. hxg5 hxg5+ 39. Kxg5 Qc7
40. Rh2+ Kg8 41. Reh3 Qe7+ 42. Kf4 Be8 43. Nd5 Qd7 44. Nf6+ gxf6 45. Rh8+ 1-0

[Event "Viktor Kupreichik Memorial Rapid"]
[Site "Minsk"]
[Date "2019.08.16"]
[Round "4.1"]
[White "Balashov, Yuri S"]
[Black "Safarli, Eltaj"]
[Result "0-1"]
[WhiteElo "2420"]
[BlackElo "2708"]
[PlyCount "102"]
[EventDate "2019.08.15"]
[EventType "swiss"]
[EventRounds "10"]
[EventCountry "BLR"]
[WhiteTeam "Ðîññèÿ"]
[BlackTeam "Àçåéðáàäæàí"]
[WhiteTeamCountry "RUS"]
[BlackTeamCountry "AZE"]

1. Nf3 Nf6 2. c4 c5 3. Nc3 e6 4. g3 d5 5. cxd5 Nxd5 6. Bg2 Nc6 7. O-O Be7 8. d4
O-O 9. Nxd5 exd5 10. dxc5 Bxc5 11. Bg5 Qd7 12. Rc1 Bb6 13. a3 h6 14. Bf4 Rd8
15. Qd3 Qe7 16. h4 Bg4 17. Rfe1 Qf6 18. b4 Bf5 19. Qd2 Be4 20. Red1 Re8 21. Re1
Rad8 22. Nh2 Ne5 23. Bxe4 dxe4 24. Qa2 e3 25. f3 Ng6 26. Bc7 Bxc7 27. Rxc7 Re7
28. Rxe7 Nxe7 29. Nf1 Nf5 30. Qc4 Rd4 31. Qc8+ Kh7 32. Qc2 g6 33. Rd1 Rxd1 34.
Qxd1 Qc3 35. h5 Nd4 36. hxg6+ fxg6 37. g4 Kg7 38. Kg2 b5 39. Ng3 Qd2 40. Qa1
Kf7 41. Kh3 Nxe2 42. Ne4 Nf4+ 43. Kg3 Qd4 44. Qa2+ Ne6 45. a4 bxa4 46. Kg2 Ke7
47. b5 e2 48. Qa3+ Kd7 49. Qc1 Ke7 50. Qa3+ Kf7 51. Qc1 g5 0-1

[Event "Viktor Kupreichik Memorial Rapid"]
[Site "Minsk"]
[Date "2019.08.16"]
[Round "4.2"]
[White "Zhigalko, Sergei"]
[Black "Pogosian, Manvel"]
[Result "1-0"]
[WhiteElo "2702"]
[BlackElo "2344"]
[PlyCount "125"]
[EventDate "2019.08.15"]
[EventType "swiss"]
[EventRounds "10"]
[EventCountry "BLR"]
[WhiteTeam "Áåëîðóññèÿ"]
[BlackTeam "Áåëîðóññèÿ"]
[WhiteTeamCountry "BLR"]
[BlackTeamCountry "BLR"]

1. e4 c6 2. d4 d5 3. e5 Bf5 4. Nf3 e6 5. Be2 c5 6. Be3 cxd4 7. Nxd4 Ne7 8. Nd2
Nbc6 9. N2f3 Bg4 10. O-O Bxf3 11. Nxf3 Ng6 12. c4 dxc4 13. Bxc4 Be7 14. Bb5 Qc7
15. Qc2 O-O 16. Bxc6 bxc6 17. Qc3 Rab8 18. Rac1 Rfc8 19. Rfd1 c5 20. b3 a5 21.
h3 h6 22. Rc2 Rb4 23. Rdc1 Nf4 24. Bxf4 Rxf4 25. Rd1 a4 26. Rcd2 Bf8 27. Rd7
Qb6 28. Qe3 Rb4 29. Nd2 axb3 30. axb3 Qb5 31. Nc4 Rxb3 32. Qf4 Rb1 33. Qxf7+
Kh8 34. Qxe6 Re8 35. Qf7 Rxd1+ 36. Rxd1 Ra8 37. Rd7 Qb3 38. Kh2 Rb8 39. Qf4 Re8
40. e6 Be7 41. Qf7 Qb8+ 42. g3 Bf6 43. h4 Rf8 44. Qg6 Bd4 45. Rf7 Re8 46. Rf4
Qc8 47. Nd6 Rxe6 48. Nf7+ Kg8 49. Nxh6+ Kh8 50. Nf7+ Kg8 51. Qh5 g6 52. Qd5 Qc6
53. Qc4 Qa6 54. Qd5 Qc6 55. Qd8+ Re8 56. Qg5 Re1 57. Qd8+ Re8 58. Qa5 Re2 59.
Nh6+ Kg7 60. Ng4 Re7 61. Qd2 Ra7 62. Rxd4 Ra1 63. Rd7+ 1-0

[Event "Viktor Kupreichik Memorial Rapid"]
[Site "Minsk"]
[Date "2019.08.16"]
[Round "4.3"]
[White "Barskij, Vladimir"]
[Black "Aleksandrov, Aleksej"]
[Result "0-1"]
[WhiteElo "2254"]
[BlackElo "2569"]
[PlyCount "100"]
[EventDate "2019.08.15"]
[EventType "swiss"]
[EventRounds "10"]
[EventCountry "BLR"]
[WhiteTeam "Ðîññèÿ"]
[BlackTeam "Áåëîðóññèÿ"]
[WhiteTeamCountry "RUS"]
[BlackTeamCountry "BLR"]

1. c4 e6 2. Nc3 d5 3. d4 Bb4 4. a3 Bxc3+ 5. bxc3 c5 6. e3 Nf6 7. Bd3 dxc4 8.
Bxc4 Qc7 9. Be2 O-O 10. Nf3 b6 11. O-O Bb7 12. a4 Nc6 13. Ba3 Rfd8 14. Qb1 Na5
15. dxc5 bxc5 16. Qb5 Ne4 17. Rac1 Rab8 18. Qb1 Nd2 19. Nxd2 Rxd2 20. Rfe1 Bxg2
21. Kxg2 Rxb1 22. Rxb1 h6 23. Rb5 c4 24. Rc5 Qd8 25. Bf3 Qh4 26. Rf1 Nb3 27.
Rc8+ Kh7 28. Rc7 Ra2 29. Be7 g5 30. Bd6 g4 31. Be4+ Kg7 32. Be5+ Kf8 33. Bd6+
Kg8 34. Rc8+ Kg7 35. Be5+ f6 36. Rc7+ Kg8 37. Rc8+ Kf7 38. Rc7+ Ke8 39. Bc6+
Kf8 40. Rc8+ Kg7 41. Rc7+ Kg6 42. Be4+ Kh5 43. Bg3 Qh3+ 44. Kg1 Qxf1+ 45. Kxf1
Nd2+ 46. Kg2 Nxe4 47. Rxc4 f5 48. Rc6 Ng5 49. Bf4 Nh3 50. Bg3 Ra1 0-1

[Event "Viktor Kupreichik Memorial Rapid"]
[Site "Minsk"]
[Date "2019.08.16"]
[Round "4.4"]
[White "Smirnov, Valerij"]
[Black "Tiviakov, Sergei"]
[Result "0-1"]
[WhiteElo "2203"]
[BlackElo "2666"]
[PlyCount "88"]
[EventDate "2019.08.15"]
[EventType "swiss"]
[EventRounds "10"]
[EventCountry "BLR"]
[WhiteTeam "Áåëîðóññèÿ"]
[BlackTeam "Íèäåðëàíäû"]
[WhiteTeamCountry "BLR"]
[BlackTeamCountry "NED"]

1. d4 Nf6 2. c4 e6 3. Nf3 b6 4. Nc3 Bb7 5. Bg5 Bb4 6. Qc2 O-O 7. e3 d6 8. Bd3
h6 9. Bh4 Nbd7 10. O-O-O Bxc3 11. Qxc3 c5 12. Kb1 Rc8 13. d5 exd5 14. Bf5 Rc7
15. cxd5 Qe8 16. e4 Nxe4 17. Qc2 Nef6 18. Rhe1 Qd8 19. g4 Re8 20. g5 hxg5 21.
Bxg5 Rxe1 22. Rxe1 Nf8 23. Re4 Bxd5 24. Rf4 Qe7 25. Bxf6 Qxf6 26. Bh7+ Nxh7 27.
Rxf6 Nxf6 28. Ng5 Re7 29. Qf5 Be6 30. Nxe6 Rxe6 31. a4 g6 32. Qf4 Kg7 33. h4 a5
34. Qg5 Re5 35. Qd2 d5 36. f4 Rf5 37. Qc3 d4 38. Qb3 Nd5 39. Qb5 Rxf4 40. Qd7
Rf5 41. Kc2 Nf6 42. Qd8 Rd5 43. Qxb6 d3+ 44. Kd1 Ne4 0-1

[Event "Viktor Kupreichik Memorial Rapid"]
[Site "Minsk"]
[Date "2019.08.16"]
[Round "4.5"]
[White "Sychev, Klementy"]
[Black "Meshkov, Yuri A"]
[Result "1/2-1/2"]
[WhiteElo "2564"]
[BlackElo "2261"]
[PlyCount "70"]
[EventDate "2019.08.15"]
[EventType "swiss"]
[EventRounds "10"]
[EventCountry "BLR"]
[WhiteTeam "Ðîññèÿ"]
[BlackTeam "Ðîññèÿ"]
[WhiteTeamCountry "RUS"]
[BlackTeamCountry "RUS"]

1. e4 g6 2. d4 Bg7 3. Nc3 a6 4. Nf3 b5 5. Bd3 d6 6. h3 Nd7 7. a4 b4 8. Ne2 c5
9. c3 Rb8 10. O-O Qc7 11. Bd2 c4 12. Bb1 b3 13. Nf4 Ngf6 14. Re1 e5 15. Nd5
Nxd5 16. exd5 O-O 17. Bg5 Bb7 18. dxe5 Nxe5 19. Be4 Rfe8 20. Qd2 f5 21. Nxe5
Rxe5 22. Bf3 Rbe8 23. Bf4 R5e7 24. Bg5 Re5 25. Bf4 R5e7 26. Re3 Rxe3 27. Bxe3
Be5 28. h4 Qf7 29. Re1 Qd7 30. a5 Qd8 31. h5 Qxa5 32. hxg6 hxg6 33. Bd4 Qd8 34.
Qh6 Qf6 35. Re3 Re7 1/2-1/2

[Event "Viktor Kupreichik Memorial Rapid"]
[Site "Minsk"]
[Date "2019.08.16"]
[Round "4.6"]
[White "Kuleshov, Konstantin"]
[Black "Dydyshko, Viacheslav"]
[Result "0-1"]
[WhiteElo "2168"]
[BlackElo "2463"]
[PlyCount "82"]
[EventDate "2019.08.15"]
[EventType "swiss"]
[EventRounds "10"]
[EventCountry "BLR"]
[WhiteTeam "Áåëîðóññèÿ"]
[BlackTeam "Áåëîðóññèÿ"]
[WhiteTeamCountry "BLR"]
[BlackTeamCountry "BLR"]

1. d4 Nf6 2. c4 e6 3. g3 c5 4. d5 exd5 5. cxd5 d6 6. Nc3 g6 7. Bg2 Bg7 8. e4
O-O 9. Nge2 Re8 10. O-O a6 11. a4 b6 12. h3 Nbd7 13. f4 Rb8 14. g4 b5 15. axb5
axb5 16. Ng3 b4 17. Nce2 Nb6 18. Ra7 Rb7 19. Rxb7 Bxb7 20. g5 Nfd7 21. f5 Be5
22. f6 Ba6 23. Re1 c4 24. Nf4 Nc5 25. Qg4 Nd3 26. Nxd3 cxd3 27. Qh4 Kh8 28. b3
Nd7 29. Be3 Nc5 30. Rb1 Bxg3 31. Qxg3 Nxe4 32. Bxe4 Rxe4 33. Ra1 Bb7 34. Ra7
Bxd5 35. Ra6 Re6 36. Bf4 Qc8 37. Qxd3 Qc5+ 38. Kf1 h5 39. Ra1 Be4 40. Qd2 Qf5
41. Qh2 Bf3 0-1

[Event "Viktor Kupreichik Memorial Rapid"]
[Site "Minsk"]
[Date "2019.08.16"]
[Round "4.8"]
[White "Mustaps, Matiss"]
[Black "Kameko, Aleksandr"]
[Result "1/2-1/2"]
[WhiteElo "2413"]
[BlackElo "2098"]
[PlyCount "68"]
[EventDate "2019.08.15"]
[EventType "swiss"]
[EventRounds "10"]
[EventCountry "BLR"]
[WhiteTeam "Ëàòâèÿ"]
[BlackTeam "Áåëîðóññèÿ"]
[WhiteTeamCountry "LAT"]
[BlackTeamCountry "BLR"]

1. e4 d6 2. d4 Nf6 3. Nc3 g6 4. Be3 Bg7 5. f3 h5 6. Qd2 Nc6 7. O-O-O a6 8. d5
Ne5 9. f4 Neg4 10. Bd4 c5 11. dxc6 bxc6 12. h3 Nh6 13. e5 dxe5 14. Bxe5 Qxd2+
15. Rxd2 Be6 16. Nf3 O-O 17. Nd4 Nd5 18. Nxc6 Nxc3 19. Bxc3 Bxc3 20. bxc3 Kg7
21. c4 Nf5 22. Bd3 Rac8 23. Ne5 Nd6 24. Re1 Bxc4 25. Nxc4 Nxc4 26. Rde2 e6 27.
Re4 Nd6 28. Ra4 Rc6 29. Re5 Nb5 30. Rc4 Rd6 31. a4 Nd4 32. a5 Rb8 33. Rc7 Nc6
34. Re3 Nxa5 1/2-1/2

[Event "Viktor Kupreichik Memorial Rapid"]
[Site "Minsk"]
[Date "2019.08.16"]
[Round "4.9"]
[White "Siniauski, Artsiom"]
[Black "Vaganian, Rafael A"]
[Result "1/2-1/2"]
[WhiteElo "2035"]
[BlackElo "2502"]
[PlyCount "89"]
[EventDate "2019.08.15"]
[EventType "swiss"]
[EventRounds "10"]
[EventCountry "BLR"]
[WhiteTeam "Áåëîðóññèÿ"]
[BlackTeam "Àðìåíèÿ"]
[WhiteTeamCountry "BLR"]
[BlackTeamCountry "ARM"]

1. e4 e6 2. d4 d5 3. Nc3 Nf6 4. Bg5 Bb4 5. exd5 Qxd5 6. Bxf6 gxf6 7. Qd2 Qa5 8.
Nge2 b6 9. a3 Bb7 10. O-O-O Be7 11. d5 Nd7 12. dxe6 Ne5 13. exf7+ Kxf7 14. Nd5
Qc5 15. Nxe7 Rad8 16. Nd4 Qxe7 17. f4 c5 18. fxe5 Rxd4 19. exf6 Rxd2 20. fxe7
Rxd1+ 21. Kxd1 Kxe7 22. Rg1 Rd8+ 23. Kc1 Rf8 24. Bd3 Rf2 25. Bxh7 Bxg2 26. h4
Bd5 27. Rg7+ Kd6 28. h5 Rh2 29. Bg6 a5 30. Rh7 Ke5 31. h6 Kf6 32. Be8 Be4 33.
Rf7+ Ke6 34. Rf4 Ke5 35. Rg4 Rxc2+ 36. Kd1 Rh2 37. Rg5+ Kf6 38. Rg3 Rxh6 39.
Kd2 Rh2+ 40. Kc3 a4 41. Bxa4 Ke5 42. Rg5+ Kd6 43. Rg3 Rh1 44. Re3 Bd5 45. Rg3
1/2-1/2

[Event "Viktor Kupreichik Memorial Rapid"]
[Site "Minsk"]
[Date "2019.08.16"]
[Round "4.10"]
[White "Teterev, Vitaly"]
[Black "Lazavik, Denis"]
[Result "0-1"]
[WhiteElo "2490"]
[BlackElo "2057"]
[PlyCount "56"]
[EventDate "2019.08.15"]
[EventType "swiss"]
[EventRounds "10"]
[EventCountry "BLR"]
[WhiteTeam "Áåëîðóññèÿ"]
[BlackTeam "Áåëîðóññèÿ"]
[WhiteTeamCountry "BLR"]
[BlackTeamCountry "BLR"]

1. Nf3 Nf6 2. g3 c5 3. Bg2 g6 4. O-O Bg7 5. d4 cxd4 6. Nxd4 O-O 7. c4 Nc6 8.
Nc3 Nxd4 9. Qxd4 d6 10. Qd3 a6 11. Bd2 Rb8 12. c5 Bf5 13. e4 Be6 14. cxd6 Qxd6
15. Qxd6 exd6 16. Bf4 Rfd8 17. Rfd1 Ne8 18. Bg5 Rdc8 19. Bd2 b5 20. a3 a5 21.
Rdb1 b4 22. axb4 axb4 23. Nd1 Bb3 24. Ne3 Bc2 25. Nxc2 Rxc2 26. Be1 b3 27. Bc3
Bxc3 28. bxc3 b2 0-1

[Event "Viktor Kupreichik Memorial Rapid"]
[Site "Minsk"]
[Date "2019.08.16"]
[Round "4.11"]
[White "Zhukova, Natalia"]
[Black "Zhukovskij, Viktor"]
[Result "1-0"]
[WhiteElo "2320"]
[BlackElo "2028"]
[PlyCount "73"]
[EventDate "2019.08.15"]
[EventType "swiss"]
[EventRounds "10"]
[EventCountry "BLR"]
[WhiteTeam "Óêðàèíà"]
[BlackTeam "Áåëîðóññèÿ"]
[WhiteTeamCountry "UKR"]
[BlackTeamCountry "BLR"]

1. d4 d5 2. c4 c6 3. Nf3 Nf6 4. Nc3 a6 5. Qb3 dxc4 6. Qxc4 b5 7. Qd3 e6 8. e4
c5 9. Bg5 Be7 10. dxc5 Qxd3 11. Bxd3 Bxc5 12. e5 Nd5 13. Nxd5 exd5 14. Rc1 Nd7
15. O-O Bb7 16. Bf5 Bb6 17. e6 fxe6 18. Bxe6 Nc5 19. Rfe1 Ne4 20. Be3 Bxe3 21.
Rxe3 Ke7 22. Nd4 Kf6 23. Rc7 Ke5 24. Rd3 Bc8 25. f4+ Kxf4 26. Bxd5 Rb8 27. Ne2+
Kf5 28. g4+ Kf6 29. Bxe4 Bxg4 30. Ng3 h5 31. h4 Rhd8 32. Rc6+ Ke5 33. Rxa6 Kf4
34. Kf2 Rbc8 35. Rdd6 Re8 36. Bd3 Rc1 37. Rd4+ 1-0

[Event "Viktor Kupreichik Memorial Rapid"]
[Site "Minsk"]
[Date "2019.08.16"]
[Round "4.12"]
[White "Pein, Malcolm"]
[Black "Sarbay, Aleksandr"]
[Result "1-0"]
[WhiteElo "2319"]
[BlackElo "2012"]
[PlyCount "65"]
[EventDate "2019.08.15"]
[EventType "swiss"]
[EventRounds "10"]
[EventCountry "BLR"]
[WhiteTeam "Àíãëèÿ"]
[BlackTeam "Áåëîðóññèÿ"]
[WhiteTeamCountry "ENG"]
[BlackTeamCountry "BLR"]

1. Nf3 c5 2. c4 Nf6 3. Nc3 Nc6 4. g3 g6 5. Bg2 Bg7 6. O-O O-O 7. d4 cxd4 8.
Nxd4 Nxd4 9. Qxd4 d6 10. Qd3 Nd7 11. b3 Nc5 12. Qd2 Bd7 13. Bb2 Bc6 14. Nd5
Bxd5 15. Bxd5 Bxb2 16. Qxb2 a5 17. Rfd1 Qb6 18. Rd4 Qb4 19. Rb1 a4 20. a3 Qb6
21. b4 Nb3 22. Rh4 e6 23. Bf3 Rac8 24. Rd1 Qa6 25. e3 b5 26. cxb5 Qxb5 27. Be2
Qb6 28. b5 d5 29. Rxa4 Nc5 30. Rb4 Ra8 31. Rc1 Rfc8 32. a4 Rc7 33. Qd4 1-0

[Event "Viktor Kupreichik Memorial Rapid"]
[Site "Minsk"]
[Date "2019.08.16"]
[Round "4.14"]
[White "Romanovskij, Nikita"]
[Black "Mochalov, Evgeny V"]
[Result "1-0"]
[WhiteElo "2001"]
[BlackElo "2260"]
[PlyCount "99"]
[EventDate "2019.08.15"]
[EventType "swiss"]
[EventRounds "10"]
[EventCountry "BLR"]
[WhiteTeam "Áåëîðóññèÿ"]
[BlackTeam "Áåëîðóññèÿ"]
[WhiteTeamCountry "BLR"]
[BlackTeamCountry "BLR"]

1. d4 c5 2. e3 Nf6 3. Nf3 g6 4. Be2 Bg7 5. O-O O-O 6. c4 cxd4 7. Nxd4 Nc6 8.
Nc3 d5 9. Nxc6 bxc6 10. Qb3 Qa5 11. Bd2 Ba6 12. Ne4 Qb6 13. Nxf6+ Bxf6 14. Bc3
e5 15. Rfd1 Rfd8 16. Qa4 Qb7 17. Rd2 d4 18. exd4 exd4 19. Bb4 Bg5 20. Rdd1 Rac8
21. b3 c5 22. Bd2 Bf6 23. Bd3 Qc6 24. Qa5 Bb7 25. f3 Qb6 26. Qa3 Re8 27. Re1
Kg7 28. Rxe8 Rxe8 29. Re1 Rxe1+ 30. Bxe1 Bg5 31. b4 Qe6 32. Kf1 cxb4 33. Qxb4
Bc6 34. c5 Qe3 35. Qc4 Bd5 36. Qc2 Bxf3 37. Bf2 Bxg2+ 38. Kxg2 Qf4 39. Qe2 Bf6
40. c6 Qg5+ 41. Bg3 Qd5+ 42. Be4 Qc5 43. c7 h5 44. Qc2 Qg5 45. c8=Q h4 46. Q8c5
Qg4 47. Bf3 Qe6 48. Qe2 Qd7 49. Be5 h3+ 50. Kf1 1-0

[Event "Viktor Kupreichik Memorial Rapid"]
[Site "Minsk"]
[Date "2019.08.16"]
[Round "4.15"]
[White "Zarubitski, Viachaslau"]
[Black "Kharin, Mikhail"]
[Result "1-0"]
[WhiteElo "2260"]
[BlackElo "2003"]
[PlyCount "39"]
[EventDate "2019.08.15"]
[EventType "swiss"]
[EventRounds "10"]
[EventCountry "BLR"]
[WhiteTeam "Áåëîðóññèÿ"]
[BlackTeam "Ðîññèÿ"]
[WhiteTeamCountry "BLR"]
[BlackTeamCountry "RUS"]

1. e4 g6 2. d4 Bg7 3. Nc3 d6 4. Nf3 a6 5. Be2 b5 6. O-O Bb7 7. Re1 Nd7 8. a4 b4
9. Na2 a5 10. c3 bxc3 11. Nxc3 Ngf6 12. e5 Nd5 13. e6 fxe6 14. Ng5 Nf8 15. Bg4
Nxc3 16. bxc3 Bd5 17. c4 Bxc4 18. Qf3 Bf6 19. Qc6+ Nd7 20. Qxc4 1-0

[Event "Viktor Kupreichik Memorial Rapid"]
[Site "Minsk"]
[Date "2019.08.16"]
[Round "4.17"]
[White "Svjatocho, Andrej"]
[Black "Maryasin, Boris"]
[Result "0-1"]
[WhiteElo "1976"]
[BlackElo "2250"]
[PlyCount "112"]
[EventDate "2019.08.15"]
[EventType "swiss"]
[EventRounds "10"]
[EventCountry "BLR"]
[WhiteTeam "Áåëîðóññèÿ"]
[BlackTeam "Èçðàèëü"]
[WhiteTeamCountry "BLR"]
[BlackTeamCountry "ISR"]

1. e4 c5 2. f4 d5 3. exd5 Nf6 4. Bb5+ Nbd7 5. c4 a6 6. Ba4 b5 7. cxb5 Nxd5 8.
Nc3 e6 9. Nge2 Qh4+ 10. g3 Qh3 11. Nxd5 exd5 12. Ng1 Qg2 13. Qe2+ Qxe2+ 14.
Nxe2 Nb6 15. Bc2 axb5 16. d4 Bg4 17. h3 Bxe2 18. Kxe2 cxd4 19. Kd3 Bc5 20. Re1+
Kd7 21. b3 Bb4 22. Bd2 Bxd2 23. Kxd2 Ra5 24. Bf5+ Kd6 25. Kd3 g6 26. Bg4 h5 27.
Bd1 Rha8 28. Re2 b4 29. Kxd4 Rc8 30. Rc2 Rxc2 31. Bxc2 Nd7 32. g4 h4 33. Kd3
Rc5 34. Kd2 Rc3 35. a3 Rxh3 36. axb4 Rh2+ 37. Kd3 h3 38. Re1 Nf6 39. Bd1 Rg2
40. Bf3 Rg3 41. Ke2 Nxg4 42. Rd1 h2 43. Rxd5+ Ke6 44. Rd1 Rg1 45. Bxg4+ Rxg4
46. Rh1 Rxf4 47. Rxh2 Rxb4 48. Rh3 f5 49. Rc3 g5 50. Kf2 Ke5 51. Rg3 g4 52. Rc3
Kf4 53. Kg2 Rd4 54. Rc2 Kg5 55. Rc3 Rd2+ 56. Kg1 Rb2 0-1

[Event "Viktor Kupreichik Memorial Rapid"]
[Site "Minsk"]
[Date "2019.08.16"]
[Round "4.22"]
[White "Paravyan, David"]
[Black "Shaban, Aliaksandra"]
[Result "1-0"]
[WhiteElo "2626"]
[BlackElo "1537"]
[PlyCount "87"]
[EventDate "2019.08.15"]
[EventType "swiss"]
[EventRounds "10"]
[EventCountry "BLR"]
[WhiteTeam "Ðîññèÿ"]
[BlackTeam "Áåëîðóññèÿ"]
[WhiteTeamCountry "RUS"]
[BlackTeamCountry "BLR"]

1. e4 c6 2. d4 d5 3. Nc3 dxe4 4. Nxe4 Bf5 5. Ng3 Bg6 6. h4 h5 7. Nf3 Nd7 8. c3
e6 9. Bg5 Be7 10. Bxe7 Nxe7 11. Be2 Nd5 12. Qd2 N5f6 13. Qg5 Nd5 14. Qd2 Qc7
15. O-O Qf4 16. Rfe1 Qxd2 17. Nxd2 N7f6 18. Nc4 Rd8 19. Ne5 Nf4 20. Bc4 N6d5
21. a4 Kf8 22. a5 a6 23. Ra3 Nc7 24. Nxg6+ Nxg6 25. Ne4 Nb5 26. Rb3 Kg8 27. g3
Ne7 28. Nc5 Rb8 29. Rd1 g6 30. Bf1 Kg7 31. c4 Nd6 32. Rb4 Nef5 33. d5 cxd5 34.
cxd5 exd5 35. Rxd5 Rhd8 36. Bg2 Ne7 37. Rdd4 Nef5 38. Rd5 Ne7 39. Re5 Kf6 40.
Re2 Nef5 41. Rb6 Kg7 42. Nxb7 Nc8 43. Nxd8 Nxb6 44. Nc6 1-0

[Event "Viktor Kupreichik Memorial Rapid"]
[Site "Minsk"]
[Date "2019.08.16"]
[Round "5.1"]
[White "Safarli, Eltaj"]
[Black "Zhigalko, Sergei"]
[Result "1/2-1/2"]
[WhiteElo "2708"]
[BlackElo "2702"]
[PlyCount "74"]
[EventDate "2019.08.15"]
[EventType "swiss"]
[EventRounds "10"]
[EventCountry "BLR"]
[WhiteTeam "Àçåéðáàäæàí"]
[BlackTeam "Áåëîðóññèÿ"]
[WhiteTeamCountry "AZE"]
[BlackTeamCountry "BLR"]

1. e4 c5 2. Nc3 Nc6 3. Bb5 Nd4 4. Nf3 e6 5. O-O a6 6. Bd3 Nc6 7. e5 Qc7 8. Re1
Nge7 9. Be4 Ng6 10. Bxc6 Qxc6 11. Ne4 b6 12. h4 h5 13. d4 Bb7 14. Bg5 cxd4 15.
Nxd4 Qc7 16. Qf3 Nxe5 17. Qg3 d6 18. Rad1 Bxe4 19. Rxe4 Be7 20. Bxe7 Qxe7 21.
f4 Ng4 22. Nf5 Qf6 23. Nxd6+ Kf8 24. Red4 Rd8 25. c3 g6 26. Nc4 Rxd4 27. Rxd4
Kg7 28. Ne5 b5 29. Rd7 Rd8 30. Rxd8 Qxd8 31. Nxg4 Qd1+ 32. Kh2 hxg4 33. Qe3 Qb1
34. Qd4+ Kg8 35. Qd8+ Kg7 36. Qd4+ Kg8 37. Qd8+ Kg7 1/2-1/2

[Event "Viktor Kupreichik Memorial Rapid"]
[Site "Minsk"]
[Date "2019.08.16"]
[Round "5.2"]
[White "Aleksandrov, Aleksej"]
[Black "Tiviakov, Sergei"]
[Result "0-1"]
[WhiteElo "2569"]
[BlackElo "2666"]
[PlyCount "96"]
[EventDate "2019.08.15"]
[EventType "swiss"]
[EventRounds "10"]
[EventCountry "BLR"]
[WhiteTeam "Áåëîðóññèÿ"]
[BlackTeam "Íèäåðëàíäû"]
[WhiteTeamCountry "BLR"]
[BlackTeamCountry "NED"]

1. d4 Nf6 2. c4 e6 3. Nc3 Bb4 4. e3 c5 5. Bd3 Nc6 6. Nf3 Bxc3+ 7. bxc3 d6 8.
O-O e5 9. Nd2 O-O 10. Re1 Bd7 11. Rb1 b6 12. Bb2 Rc8 13. a3 Ne7 14. e4 Ng6 15.
g3 Re8 16. d5 Rc7 17. Nf1 Qc8 18. Bc1 Rf8 19. a4 Kh8 20. a5 bxa5 21. Ra1 a4 22.
Bc2 Ne7 23. Bxa4 Bxa4 24. Rxa4 Nd7 25. Ne3 f5 26. exf5 Nb6 27. Ra2 Nxf5 28. Qe2
Nxe3 29. Bxe3 Qf5 30. Rea1 Rff7 31. Ra6 h6 32. h4 Qe4 33. Qh5 Kh7 34. Qe2 Rcd7
35. h5 Qxc4 36. Qc2+ e4 37. Bf4 Qd3 38. Qd1 Nxd5 39. Rxd6 Rxd6 40. Bxd6 Nxc3
41. Qxd3 exd3 42. Be5 Ne2+ 43. Kf1 c4 44. Ra3 Re7 45. f4 Rxe5 46. fxe5 c3 47.
e6 c2 48. Rxd3 Nxg3+ 0-1

[Event "Viktor Kupreichik Memorial Rapid"]
[Site "Minsk"]
[Date "2019.08.16"]
[Round "5.3"]
[White "Dydyshko, Viacheslav"]
[Black "Sveshnikov, Evgeny"]
[Result "1/2-1/2"]
[WhiteElo "2463"]
[BlackElo "2449"]
[PlyCount "27"]
[EventDate "2019.08.15"]
[EventType "swiss"]
[EventRounds "10"]
[EventCountry "BLR"]
[WhiteTeam "Áåëîðóññèÿ"]
[BlackTeam "Ðîññèÿ"]
[WhiteTeamCountry "BLR"]
[BlackTeamCountry "RUS"]

1. d4 d5 2. c4 e6 3. Nc3 c6 4. e3 Bd6 5. Bd3 f5 6. f4 Nf6 7. Nf3 O-O 8. O-O
Nbd7 9. Bd2 Ne4 10. Rb1 b6 11. b4 Bb7 12. c5 Bc7 13. Be2 Ndf6 14. Ne5 1/2-1/2

[Event "Viktor Kupreichik Memorial Rapid"]
[Site "Minsk"]
[Date "2019.08.16"]
[Round "5.4"]
[White "Barskij, Vladimir"]
[Black "Sychev, Klementy"]
[Result "1/2-1/2"]
[WhiteElo "2254"]
[BlackElo "2564"]
[PlyCount "69"]
[EventDate "2019.08.15"]
[EventType "swiss"]
[EventRounds "10"]
[EventCountry "BLR"]
[WhiteTeam "Ðîññèÿ"]
[BlackTeam "Ðîññèÿ"]
[WhiteTeamCountry "RUS"]
[BlackTeamCountry "RUS"]

1. e4 c5 2. c3 d5 3. exd5 Qxd5 4. d4 Nf6 5. Nf3 e6 6. Be2 Nc6 7. O-O Be7 8. Na3
O-O 9. Nb5 Qd8 10. dxc5 Bxc5 11. Bf4 Nd5 12. Bg3 a6 13. Nbd4 Nxd4 14. Nxd4 Qf6
15. Bf3 Rd8 16. Re1 Bxd4 17. cxd4 b5 18. Bxd5 Rxd5 19. Be5 Qd8 20. Rc1 Bd7 21.
Rc5 Rxc5 22. dxc5 Bc6 23. Qg4 Qf8 24. Bd6 Qe8 25. Re3 Ra7 26. Be5 f5 27. Qf4 h6
28. h4 Kh7 29. Bc3 Rd7 30. Qe5 Bd5 31. b3 Qf8 32. Rg3 Rf7 33. h5 Qe7 34. Rg6
Qd7 35. Kh2 1/2-1/2

[Event "Viktor Kupreichik Memorial Rapid"]
[Site "Minsk"]
[Date "2019.08.16"]
[Round "5.5"]
[White "Agapov, Sergey"]
[Black "Balashov, Yuri S"]
[Result "1-0"]
[WhiteElo "2251"]
[BlackElo "2420"]
[PlyCount "107"]
[EventDate "2019.08.15"]
[EventType "swiss"]
[EventRounds "10"]
[EventCountry "BLR"]
[WhiteTeam "Ðîññèÿ"]
[BlackTeam "Ðîññèÿ"]
[WhiteTeamCountry "RUS"]
[BlackTeamCountry "RUS"]

1. d4 Nf6 2. c4 e6 3. Nc3 Bb4 4. Qb3 c5 5. Nf3 Nc6 6. d5 Ne7 7. d6 Nf5 8. Bf4
Ne4 9. Rd1 Qb6 10. Qc2 Nfxd6 11. Qd3 Nxc4 12. Qxc4 d5 13. Qd3 c4 14. Qe3 Nxc3
15. bxc3 Qxe3 16. fxe3 Bxc3+ 17. Kf2 b5 18. Nd4 Bd7 19. Bd6 f6 20. g4 a5 21.
Bg2 Ra6 22. Bc5 Kf7 23. Nc2 b4 24. Rb1 Ba4 25. Ne1 Rc8 26. Bd4 Bd2 27. Nf3 c3
28. Rbf1 Ke7 29. g5 e5 30. gxf6+ gxf6 31. Nxe5 fxe5 32. Bxe5 Rf8+ 33. Bf3 Re6
34. Bd4 Bc2 35. Bc5+ Ke8 36. Bxf8 Bxe3+ 37. Kg3 Kxf8 38. Be4+ Kg7 39. Bxc2 Bc5
40. Bd3 a4 41. Rb1 Rb6 42. Bc2 b3 43. axb3 a3 44. Rhd1 d4 45. Rd3 Rg6+ 46. Kf2
Rf6+ 47. Kg2 Re6 48. Re1 a2 49. Kf3 Rf6+ 50. Ke4 Re6+ 51. Kd5 Rxe2 52. Rxe2
a1=Q 53. Rg3+ Kh6 54. Reg2 1-0